00694nam a2200181Ia 4500001000900000003000500009005001700014008004100031040000900072082001900081110007000100245019800170260001900368300001000387440001200397650002900409710007400438dia_4559CHAP20251021150506.0220601s9999 xx 000 0 und d cCHAP a338.1 I54 1962 aInstituto Latinoamericano de Planificación Económica y Social aInforme del grupo de expertos FAO : cealo sobre algunos aspectos de la planificación agrícola en el Asia y Lejano Oriente / Instituto Latinoamericano de Planificación Económica y Social aMéxico : ENA a93 p. aApuntes a1. Economía Agrícola aInstituto Latinoamericano de Planificación Económica y Social Ì